| 000 | 00599nam a2200205 a 4500 | ||
|---|---|---|---|
| 001 | 55252 | ||
| 003 | BD-RjUL | ||
| 005 | 20211209080235.0 | ||
| 008 | 161115r1963 xxu||||| |||| 00| 0 eng d | ||
| 035 | _a(BD-RjUL) | ||
| 040 |
_aBD-RjUL _beng _cBD-RjUL |
||
| 041 | _aeng | ||
| 082 |
_223 _a519.2 _bTUI 1963 |
||
| 100 | 1 | 2 |
_aTucker, Howard. D _9164610 |
| 245 |
_aAn Introduction To Probability and mathematical ststistics _cHoward. D Tucker, |
||
| 260 |
_aLondon : _bAcademic Press, _c1962 [Reprinted 1963] |
||
| 300 |
_a228 p. : _bill. ; _c22 cm. |
||
| 650 |
_aProbability _9164611 |
||
| 942 |
_2ddc _cBK |
||
| 999 |
_c55252 _d55252 |
||